Reforma del estado y transformación nacional

I tiakina i:
Ngā taipitopito rārangi puna kōrero
Ngā kaituhi matua: Menem, Carlos Saúl (autor), Dromi, José Roberto (Author)
Hōputu: Pukapuka
Reo:Pāniora
I whakaputaina: Buenos Aires Ciencias de la Administración 1990
Ngā marau:
Ngā Tūtohu: Tāpirihia he Tūtohu
Kāore He Tūtohu, Me noho koe te mea tuatahi ki te tūtohu i tēnei pūkete!

MARC

LEADER 00000nam a2200000 a 4500
001 UCV2133
003 CL-VaPUC
008 911106e19900000AG |||||||||||||||||spa|d
082 0 4 |a 323.82  |b MEN  |2 21 
100 |a Menem, Carlos Saúl  |e autor  |9 296380 
700 0 |a Dromi, José Roberto  |e author  |9 296381 
245 1 0 |a Reforma del estado y transformación nacional 
300 |a 246 p 
942 |c BK 
945 |d 19911106 00:00:00 
260 |a Buenos Aires  |b Ciencias de la Administración  |c 1990 
650 0 |a Política y gobierno  |9 255151 
651 0 |a Argentina  |9 254888 
583 |a last modification  |c 19911106 00:00:00  |k Rodrigo Vera 
999 |c 209816  |d 209814 
952 |0 0  |1 0  |4 0  |6 323_820000000000000_MEN_1990  |7 0  |8 A  |9 185608  |a BIBDER  |b BIBDER  |d 2019-11-14  |i 2530554  |o 323.82 MEN 1990  |p 2530554  |r 2023-01-25  |w 2019-11-14  |y BK  |k DER